[Event "Wch Seniors 50 31st"]
[Site "Terassini"]
[Date "2023.11.04"]
[Round "10"]
[White "Bischoff, Klaus"]
[Black "Cummings, David H"]
[Result "1/2-1/2"]
[WhiteElo "2473"]
[BlackElo "2325"]
[PlyCount "53"]
[EventDate "2023.10.25"]
[EventType "swiss"]
[EventRounds "11"]
[EventCountry "ITA"]
[SourceTitle "Mega2024 Update 01"]
[Source "Chessbase"]
[SourceDate "2023.11.12"]
[SourceVersion "1"]
[SourceVersionDate "2023.11.12"]
[SourceQuality "1"]

1. c4 Nf6 2. Nf3 e6 3. Nc3 d5 4. d4 c6 5. e3 Nbd7 6. Qc2 Bd6 7. Bd2 0-0 8. h3 b6 9. g4 dxc4 10. g5 Nd5 11. Bxc4 Bb7 12. Ne4 Bb4 13. Bxd5 Bxd2+ 14. Qxd2 cxd5 15. Ng3 Rc8 16. 0-0 f6 17. h4 e5 18. gxf6 Qxf6 19. Nxe5 Nxe5 20. dxe5 Qxe5 21. Rac1 Qf6 22. Rxc8 Rxc8 23. Rc1 Rc5 24. Rxc5 bxc5 25. Qa5 Qb6 26. Qa4 h6 27. Qd7 1/2-1/2

[Event "Dresden Uhlmann Memorial"]
[Site "Dresden"]
[Date "2023.10.14"]
[Round "8"]
[White "Bischoff, Klaus"]
[Black "Marin, Mihail"]
[Result "1/2-1/2"]
[WhiteElo "2473"]
[BlackElo "2437"]
[PlyCount "41"]
[EventDate "2023.10.07"]
[EventType "tourn"]
[EventRounds "9"]
[EventCountry "GER"]
[EventCategory "8"]
[SourceTitle "CB47_2023"]
[SourceDate "2023.11.22"]
[SourceVersion "1"]
[SourceVersionDate "2023.11.22"]
[SourceQuality "1"]

1. c4 b6 2. d4 Bb7 3. Nc3 e6 4. a3 f5 5. Nh3 Nf6 6. f3 g6 7. e3 Bg7 8. Be2 0-0 9. 0-0 Qe7 10. Bd2 Nc6 11. Rc1 Nd8 12. Re1 Nf7 13. Bf1 c5 14. b4 d6 15. bxc5 bxc5 16. dxc5 dxc5 17. Nf2 Rad8 18. Qc2 Ne5 19. Be2 Rd7 20. Na4 Rc8 21. Bc3 1/2-1/2

[Event "Dresden Uhlmann Memorial"]
[Site "Dresden"]
[Date "2023.10.12"]
[Round "6"]
[White "Bischoff, Klaus"]
[Black "Haba, Petr"]
[Result "1/2-1/2"]
[WhiteElo "2473"]
[BlackElo "2445"]
[PlyCount "35"]
[EventDate "2023.10.07"]
[EventType "tourn"]
[EventRounds "9"]
[EventCountry "GER"]
[EventCategory "8"]
[SourceTitle "CB47_2023"]
[SourceDate "2023.11.22"]
[SourceVersion "1"]
[SourceVersionDate "2023.11.22"]
[SourceQuality "1"]

1. c4 c6 2. Nf3 d5 3. e3 Nf6 4. Nc3 e6 5. b3 Bd6 6. Bb2 0-0 7. Be2 Nbd7 8. Qc2 Re8 9. h3 e5 10. cxd5 Nxd5 11. d3 Bb4 12. 0-0 Bxc3 13. Bxc3 Nxc3 14. Qxc3 Qe7 15. Rfe1 Nf6 16. e4 Nh5 17. Bf1 Nf4 18. d4 1/2-1/2

[Event "GER-ch Blitz"]
[Site "Viernheim"]
[Date "2023.07.15"]
[Round "16"]
[White "Berchtenbreiter, Maximilian"]
[Black "Bischoff, Klaus"]
[Result "1-0"]
[WhiteElo "2494"]
[BlackElo "2473"]
[PlyCount "48"]
[EventDate "2023.07.15"]
[EventType "tourn (blitz)"]
[EventRounds "29"]
[EventCountry "GER"]
[SourceTitle "CBM 215 Extra"]
[Source "ChessBase"]
[SourceDate "2023.09.30"]
[SourceVersion "1"]
[SourceVersionDate "2023.09.30"]
[SourceQuality "1"]

1. Nf3 Nf6 2. b3 b6 3. Bb2 e6 4. e3 Bb7 5. g3 Be7 6. Bg2 c5 7. 0-0 0-0 8. d4 d6 9. Nbd2 Nbd7 10. c4 Qc7 11. Re1 cxd4 12. exd4 Rfe8 13. Rc1 Rac8 14. Nf1 Bf8 15. Ne3 Qb8 16. Nh4 Bxg2 17. Nhxg2 b5 18. Ba3 Qb7 19. Nf4 a6 20. Re2 Ne4 21. Rec2 Ng5 22. h4 Ne4 23. Qf3 Ndf6 24. g4 Qa8 1-0

[Event "GER-ch Blitz"]
[Site "Viernheim"]
[Date "2023.07.15"]
[Round "11"]
[White "Bischoff, Klaus"]
[Black "Karsay, Pascal"]
[Result "1-0"]
[WhiteElo "2473"]
[BlackElo "2319"]
[PlyCount "77"]
[EventDate "2023.07.15"]
[EventType "tourn (blitz)"]
[EventRounds "29"]
[EventCountry "GER"]
[SourceTitle "CBM 215 Extra"]
[Source "ChessBase"]
[SourceDate "2023.09.30"]
[SourceVersion "1"]
[SourceVersionDate "2023.09.30"]
[SourceQuality "1"]

1. c4 Nf6 2. Nc3 c5 3. Nf3 Nc6 4. e3 a6 5. d4 cxd4 6. exd4 d5 7. Be2 dxc4 8. Bxc4 Bg4 9. d5 Bxf3 10. Qxf3 Ne5 11. Qe2 Nxc4 12. Qxc4 g6 13. 0-0 Bg7 14. Bg5 0-0 15. Rad1 Qd7 16. Rfe1 Rac8 17. Qb3 Rfe8 18. h3 h6 19. Bf4 Rc5 20. Be5 Rd8 21. Qb6 Qc8 22. d6 exd6 23. Rxd6 Rxd6 24. Qxd6 Rc6 25. Qd4 Qf5 26. Nd5 Nxd5 27. Bxg7 Kh7 28. Bf8 Nf6 29. Bb4 Nd5 30. Bd2 Rc2 31. Re8 Nf6 32. Re7 Kg7 33. Bc3 Rc1+ 34. Kh2 Rc2 35. f4 g5 36. fxg5 hxg5 37. Re5 Qg6 38. Qe3 Kg8 39. Rxg5 1-0

[Event "GER-ch Blitz"]
[Site "Viernheim"]
[Date "2023.07.15"]
[Round "19"]
[White "Bischoff, Klaus"]
[Black "Wyrwich, Thomas"]
[Result "1/2-1/2"]
[WhiteElo "2473"]
[BlackElo "2252"]
[PlyCount "91"]
[EventDate "2023.07.15"]
[EventType "tourn (blitz)"]
[EventRounds "29"]
[EventCountry "GER"]
[SourceTitle "CBM 215 Extra"]
[Source "ChessBase"]
[SourceDate "2023.09.30"]
[SourceVersion "1"]
[SourceVersionDate "2023.09.30"]
[SourceQuality "1"]

1. c4 b6 2. d4 e6 3. a3 Bb7 4. Nc3 f5 5. Nh3 Nf6 6. f3 g6 7. e3 Bg7 8. Be2 0-0 9. 0-0 Qe7 10. Bd2 d6 11. d5 e5 12. e4 fxe4 13. fxe4 h6 14. Nf2 Nbd7 15. Be3 Kh7 16. b4 Ng8 17. Nb5 Ndf6 18. c5 Ba6 19. cxd6 cxd6 20. Rc1 Bxb5 21. Bxb5 h5 22. Rc6 Bh6 23. Bxh6 Nxh6 24. Qc2 Rf7 25. Rc1 Rg8 26. h3 Rgg7 27. Be2 h4 28. a4 Nh5 29. Bxh5 gxh5 30. Qd2 Qf6 31. R1c3 Rd7 32. Rc8 Nf7 33. Re8 Ng5 34. Kh1 Rdf7 35. Qe2 Kh6 36. Rh8+ Rh7 37. Rxh7+ Rxh7 38. a5 bxa5 39. bxa5 Rf7 40. Kg1 Qf4 41. Qe3 Qxe3 42. Rxe3 Rf4 43. a6 Kg6 44. Kf1 Kf6 45. Ke2 Ke7 46. Ke1 1/2-1/2

[Event "GER-ch Blitz"]
[Site "Viernheim"]
[Date "2023.07.15"]
[Round "20"]
[White "Heinrich, Thomas"]
[Black "Bischoff, Klaus"]
[Result "0-1"]
[WhiteElo "2203"]
[BlackElo "2473"]
[PlyCount "102"]
[EventDate "2023.07.15"]
[EventType "tourn (blitz)"]
[EventRounds "29"]
[EventCountry "GER"]
[SourceTitle "CBM 215 Extra"]
[Source "ChessBase"]
[SourceDate "2023.09.30"]
[SourceVersion "1"]
[SourceVersionDate "2023.09.30"]
[SourceQuality "1"]

1. Nf3 Nf6 2. c4 c5 3. b3 e6 4. Bb2 Be7 5. e3 0-0 6. Be2 d6 7. Qc2 a6 8. 0-0 Nbd7 9. d3 b5 10. Nbd2 Bb7 11. Rfe1 Qb6 12. Nf1 Rfe8 13. Rab1 Rac8 14. Ng3 Bf8 15. h3 h6 16. Bc3 d5 17. Ba1 e5 18. cxd5 Nxd5 19. a3 Qg6 20. Bf1 Ba8 21. Rbc1 Qe6 22. Be2 g6 23. Qb1 Bg7 24. Bb2 N7b6 25. Nd2 Qd7 26. Nge4 Qe7 27. Rc2 Nd7 28. Bf1 N5f6 29. Nxf6+ Nxf6 30. Qa1 Nd5 31. Rec1 Rc7 32. Nf3 Nb6 33. Be2 Bd5 34. Nd2 a5 35. Bf3 Bxf3 36. Nxf3 a4 37. bxa4 Nxa4 38. Qb1 Qd7 39. d4 exd4 40. Bxd4 Re6 41. Bxg7 Kxg7 42. Nd4 Rb6 43. Qa1 Kg8 44. Nb3 Qd5 45. Rd1 Qa8 46. Rcd2 Rb8 47. Qf6 Rcc8 48. Rd7 Rf8 49. Rc7 Rb6 50. Qf4 c4 51. Nd4 Nc3 0-1

[Event "GER-ch Blitz"]
[Site "Viernheim"]
[Date "2023.07.15"]
[Round "26"]
[White "Schneider, Ilja"]
[Black "Bischoff, Klaus"]
[Result "1/2-1/2"]
[WhiteElo "2468"]
[BlackElo "2473"]
[PlyCount "70"]
[EventDate "2023.07.15"]
[EventType "tourn (blitz)"]
[EventRounds "29"]
[EventCountry "GER"]
[SourceTitle "CBM 215 Extra"]
[Source "ChessBase"]
[SourceDate "2023.09.30"]
[SourceVersion "1"]
[SourceVersionDate "2023.09.30"]
[SourceQuality "1"]

1. e4 c5 2. Nc3 e6 3. Nf3 Nc6 4. Bb5 Nge7 5. d4 cxd4 6. Nxd4 a6 7. Be2 Nxd4 8. Qxd4 Nc6 9. Qd3 Be7 10. Qg3 0-0 11. Bh6 Bf6 12. 0-0-0 b5 13. Kb1 b4 14. Na4 Qa5 15. b3 Nd4 16. Bd3 Nb5 17. Rhe1 d6 18. f4 e5 19. f5 Kh8 20. Be3 Rb8 21. Qf2 Bd8 22. Ka1 Bd7 23. f6 gxf6 24. Bh6 Rg8 25. Bc4 Be6 26. Bd5 Be7 27. Be3 Qd8 28. Qd2 Nc7 29. Bb6 Bxd5 30. exd5 Qd7 31. Qxb4 f5 32. Qc3 Nb5 33. Qc6 Rb7 34. c4 Na7 35. c5 Nxc6 1/2-1/2

[Event "Bundesliga 2223"]
[Site "Germany"]
[Date "2023.03.19"]
[Round "11.8"]
[White "Heinemann, Thies"]
[Black "Bischoff, Klaus"]
[Result "1/2-1/2"]
[WhiteElo "2484"]
[BlackElo "2486"]
[PlyCount "41"]
[EventDate "2022.10.21"]
[EventType "team-tourn"]
[EventRounds "15"]
[EventCountry "GER"]
[SourceTitle "CBM 213 Extra"]
[Source "ChessBase"]
[SourceDate "2023.05.31"]
[SourceVersion "1"]
[SourceVersionDate "2023.05.31"]
[SourceQuality "1"]
[WhiteTeam "Hamburger SK"]
[BlackTeam "Bayern Muenchen"]
[WhiteTeamCountry "GER"]
[BlackTeamCountry "GER"]

1. e4 c5 2. Nf3 e6 3. g3 Nc6 4. Bg2 Nf6 5. d3 d6 6. 0-0 Be7 7. c4 0-0 8. Nc3 a6 9. b3 Rb8 10. a4 Nd4 11. Be3 e5 12. h3 Bd7 13. Bg5 Bc6 14. Bxf6 Nxf3+ 15. Bxf3 Bxf6 16. Qc2 g6 17. Rab1 Bg7 18. Nd5 Bxd5 19. exd5 a5 20. Kg2 f5 21. h4 1/2-1/2

[Event "Wch Seniors 50 30th"]
[Site "Assisi"]
[Date "2022.11.18"]
[Round "4"]
[White "Novik, Maxim"]
[Black "Bischoff, Klaus"]
[Result "1-0"]
[WhiteElo "2412"]
[BlackElo "2479"]
[PlyCount "43"]
[EventDate "2022.11.15"]
[EventType "swiss"]
[EventRounds "11"]
[EventCountry "ITA"]
[SourceTitle "CBM 211 Extra"]
[Source "ChessBase"]
[SourceDate "2023.01.31"]
[SourceVersion "1"]
[SourceVersionDate "2023.01.31"]
[SourceQuality "1"]

1. Nf3 Nf6 2. g3 d5 3. Bg2 e6 4. 0-0 Be7 5. d3 c5 6. Nbd2 Nc6 7. e4 b6 8. Re1 Bb7 9. c3 Qc7 10. Qe2 h6 11. a3 0-0-0 12. b4 g5 13. bxc5 bxc5 14. Rb1 dxe4 15. Nxe4 Nd7 16. d4 Rhe8 17. Be3 c4 18. Qxc4 Nb6 19. Qb5 f5 20. Nc5 Bxc5 21. dxc5 Nd5 22. Bd4 1-0

[Event "EU-Cup 37th"]
[Site "Mayrhofen"]
[Date "2022.10.08"]
[Round "6.4"]
[White "Vocaturo, Daniele"]
[Black "Bischoff, Klaus"]
[Result "1-0"]
[WhiteElo "2615"]
[BlackElo "2486"]
[PlyCount "61"]
[EventDate "2022.10.03"]
[EventType "team-swiss"]
[EventRounds "7"]
[EventCountry "AUT"]
[SourceTitle "CBM 210 Extra"]
[Source "ChessBase"]
[SourceDate "2022.11.30"]
[SourceVersion "1"]
[SourceVersionDate "2022.11.30"]
[SourceQuality "1"]
[WhiteTeam "Clichy Echecs 92"]
[BlackTeam "Bayern Muenchen"]
[WhiteTeamCountry "FRA"]
[BlackTeamCountry "GER"]

1. e4 e6 2. d4 d5 3. Nd2 Nf6 4. e5 Nfd7 5. c3 c5 6. Bd3 Nc6 7. Ne2 Be7 8. 0-0 a5 9. Nf3 cxd4 10. cxd4 Nb6 11. a4 Bd7 12. Nf4 g6 13. b3 Nb4 14. Bb1 Nc8 15. g3 b5 16. h4 bxa4 17. bxa4 Qb6 18. Nd3 Na7 19. Bg5 Bxg5 20. hxg5 Nac6 21. Nc5 Kd8 22. Qd2 Re8 23. Rc1 Re7 24. Ra3 Be8 25. Bd3 Nb8 26. Rac3 Nd7 27. Bb5 Nxc5 28. dxc5 Qb8 29. c6 Kc7 30. Nd4 Qb6 31. Qf4 1-0

[Event "EU-ch Seniors 50"]
[Site "Budoni"]
[Date "2021.10.01"]
[Round "6"]
[White "Van der Werf, Mark"]
[Black "Bischoff, Klaus"]
[Result "1/2-1/2"]
[WhiteElo "2393"]
[BlackElo "2495"]
[PlyCount "42"]
[EventDate "2021.09.26"]
[EventType "swiss"]
[EventRounds "9"]
[EventCountry "ITA"]
[SourceTitle "EXT 2023"]
[Source "ChessBase"]
[SourceDate "2022.10.05"]
[SourceVersion "1"]
[SourceVersionDate "2022.10.05"]
[SourceQuality "1"]

1. d4 e6 2. c4 b6 3. a3 Bb7 4. Nc3 Nf6 5. d5 Bd6 6. Nf3 0-0 7. g3 c6 8. Bg2 Na6 9. 0-0 Nc5 10. Bg5 exd5 11. cxd5 h6 12. Bxf6 Qxf6 13. Rc1 Rfe8 14. b4 Na6 15. Qd3 Bf8 16. e4 c5 17. e5 Qg6 18. Qxg6 fxg6 19. b5 Nc7 20. Nh4 Rxe5 21. Nxg6 Ree8 1/2-1/2

[Event "EU-ch Seniors 50"]
[Site "Budoni"]
[Date "2021.09.30"]
[Round "5"]
[White "Bischoff, Klaus"]
[Black "Bellia, Fabrizio"]
[Result "1/2-1/2"]
[WhiteElo "2495"]
[BlackElo "2431"]
[PlyCount "27"]
[EventDate "2021.09.26"]
[EventType "swiss"]
[EventRounds "9"]
[EventCountry "ITA"]
[SourceTitle "EXT 2023"]
[Source "ChessBase"]
[SourceDate "2022.10.05"]
[SourceVersion "1"]
[SourceVersionDate "2022.10.05"]
[SourceQuality "1"]

1. d4 Nf6 2. c4 e6 3. Nf3 b6 4. Nc3 Bb7 5. a3 d5 6. Bg5 Be7 7. Bxf6 Bxf6 8. cxd5 exd5 9. g3 0-0 10. Bg2 c5 11. 0-0 Na6 12. e3 Qe7 13. Qa4 Nc7 14. Rac1 1/2-1/2

[Event "EU-ch Seniors 50"]
[Site "Budoni"]
[Date "2021.09.28"]
[Round "3"]
[White "Bischoff, Klaus"]
[Black "Druckenthaner, Andreas"]
[Result "1-0"]
[WhiteElo "2495"]
[BlackElo "2275"]
[PlyCount "127"]
[EventDate "2021.09.26"]
[EventType "swiss"]
[EventRounds "9"]
[EventCountry "ITA"]
[SourceTitle "EXT 2023"]
[Source "ChessBase"]
[SourceDate "2022.10.05"]
[SourceVersion "1"]
[SourceVersionDate "2022.10.05"]
[SourceQuality "1"]

1. d4 f5 2. Nf3 Nf6 3. e3 g6 4. Be2 Bg7 5. 0-0 0-0 6. c4 d6 7. Nc3 e6 8. b4 Ne4 9. Nxe4 fxe4 10. Nd2 d5 11. a4 Nc6 12. Qb3 Kh8 13. b5 Ne7 14. Ba3 Re8 15. Rac1 Nf5 16. Rfd1 Bf8 17. Nf1 c6 18. Ng3 Bd7 19. Nxf5 gxf5 20. g3 Rb8 21. Bh5 Bxa3 22. Qxa3 Qe7 23. Qxe7 Rxe7 24. Be2 Kg7 25. Rd2 dxc4 26. Bxc4 Kf6 27. Be2 Be8 28. Rb2 Rd8 29. a5 cxb5 30. Bxb5 Bxb5 31. Rxb5 Rdd7 32. Kf1 Rc7 33. Rxc7 Rxc7 34. g4 Rd7 35. gxf5 exf5 36. f3 exf3 37. Kf2 h6 38. Kxf3 Re7 39. Rc5 Re6 40. Rc7 Re7 41. Rc8 Rd7 42. Rf8+ Kg6 43. Kf4 Rd5 44. Rb8 Rxa5 45. Rxb7 Ra1 46. Ke5 Ra3 47. Kf4 Ra1 48. Rc7 Rf1+ 49. Ke5 Rf3 50. Rc3 Kf7 51. d5 Ke7 52. Rc7+ Kd8 53. Rxa7 Rxe3+ 54. Kxf5 Rh3 55. Ke6 Rxh2 56. Ra8+ Kc7 57. d6+ Kb7 58. d7 Kxa8 59. d8Q+ Kb7 60. Qd5+ Ka7 61. Kd6 Kb8 62. Qb5+ Kc8 63. Qc4+ Kb7 64. Qb3+ 1-0

[Event "Bundesliga 1920 final"]
[Site "Karlsruhe"]
[Date "2020.09.17"]
[Round "3.5"]
[White "Lagarde, Maxime"]
[Black "Bischoff, Klaus"]
[Result "1/2-1/2"]
[WhiteElo "2657"]
[BlackElo "2503"]
[PlyCount "45"]
[EventDate "2020.09.16"]
[EventType "team-tourn"]
[EventRounds "7"]
[EventCountry "GER"]
[SourceTitle "CBM 198 Extra"]
[Source "ChessBase"]
[SourceDate "2020.11.30"]
[SourceVersion "1"]
[SourceVersionDate "2020.11.30"]
[SourceQuality "1"]
[WhiteTeam "Deizisau"]
[BlackTeam "Bayern Muenchen"]
[WhiteTeamCountry "GER"]
[BlackTeamCountry "GER"]

1. e4 e6 2. d4 d5 3. e5 c5 4. c3 Nc6 5. Nf3 Bd7 6. Be2 Nge7 7. Na3 cxd4 8. cxd4 Nc8 9. 0-0 Be7 10. Re1 h6 11. Bd2 a6 12. Nc2 a5 13. Bc3 N8a7 14. Qd2 Qb6 15. h4 Nb4 16. Ne3 Bb5 17. a3 Bxe2 18. Rxe2 Nbc6 19. Rc1 Qb5 20. Ree1 Nc8 21. Nf1 Nb6 22. Ng3 Kd7 23. Nh5 1/2-1/2